Kono hate ni kimi aru gotoku : (Record no. 34883)
[ view plain ]
| 000 -LEADER | |
|---|---|
| fixed length control field | 00917cam a2200241 a 4500 |
| 001 - CONTROL NUMBER | |
| control field | j 59002439 |
| 003 - CONTROL NUMBER IDENTIFIER | |
| control field | DLC |
| 005 - DATE AND TIME OF LATEST TRANSACTION | |
| control field | 20260227111518.0 |
| 008 - FIXED-LENGTH DATA ELEMENTS--GENERAL INFORMATION | |
| fixed length control field | 060418s1950 ja 000 0 jpn |
| 010 ## - LIBRARY OF CONGRESS CONTROL NUMBER | |
| LC control number | j 59002439 |
| 035 ## - SYSTEM CONTROL NUMBER | |
| System control number | (CStRLIN)DCLP06-B4915 |
| 040 ## - CATALOGING SOURCE | |
| Original cataloging agency | DLC |
| Transcribing agency | DLC |
| Modifying agency | DLC-R |
| 050 00 - LIBRARY OF CONGRESS CALL NUMBER | |
| Classification number | PL756.W54 |
| Item number | K6 |
| 066 ## - CHARACTER SETS PRESENT | |
| Alternate G0 or G1 character set | $1 |
| 245 00 - TITLE STATEMENT | |
| Linkage | 880-01 |
| Title | Kono hate ni kimi aru gotoku : |
| Remainder of title | zenkoku mibōjin no tanka shuki / |
| Statement of responsibility, etc. | senja Kubota Utsubo ... [et al.]. |
| 260 ## - PUBLICATION, DISTRIBUTION, ETC. | |
| Linkage | 880-02 |
| Place of publication, distribution, etc. | Tōkyō : |
| Name of publisher, distributor, etc. | Chūō Kōronsha, |
| Date of publication, distribution, etc. | Shōwa 25 [1950] |
| 300 ## - PHYSICAL DESCRIPTION | |
| Extent | 212 p. ; |
| Dimensions | 19 cm. |
| 650 #0 - SUBJECT ADDED ENTRY--TOPICAL TERM | |
| Topical term or geographic name entry element | Widows' writings, Japanese. |
| 700 1# - ADDED ENTRY--PERSONAL NAME | |
| Linkage | 880-03 |
| Personal name | Kubota, Utsubo, |
| Dates associated with a name | 1877-1967. |
| 880 00 - ALTERNATE GRAPHIC REPRESENTATION | |
| Linkage | 245-01/$1 |
| a | この 果て に 君 ある 如く : |
| b | 全國 未亡人 の 短歌 手記 / |
| c | 選者 窪田 空穗 ... [et al.] |
| 880 ## - ALTERNATE GRAPHIC REPRESENTATION | |
| Linkage | 260-02/$1 |
| a | 東京 : |
| b | 中央 公論社, |
| c | 昭和 25 [1950] |
| 880 1# - ALTERNATE GRAPHIC REPRESENTATION | |
| Linkage | 700-03/$1 |
| a | 窪田 空穗, |
| d | 1877-1967. |
No items available.